Human personality in ancient Indian thought / (Record no. 63955)

MARC details
000 -LEADER
fixed length control field 00446nam a22001457a 4500
005 - DATE AND TIME OF LATEST TRANSACTION
control field 20180820131745.0
020 ## - INTERNATIONAL STANDARD BOOK NUMBER
International Standard Book Number 817391401X
Terms of availability 300.00
035 ## - SYSTEM CONTROL NUMBER
System control number B-058654, B-058656
037 ## - SOURCE OF ACQUISITION
Stock number DPL
Source of stock number/acquisition ENG
100 ## - MAIN ENTRY--PERSONAL NAME
Personal name Sharma, R.P.
245 ## - TITLE STATEMENT
Title Human personality in ancient Indian thought /
Statement of responsibility, etc by R.P. Sharma
260 ## - PUBLICATION, DISTRIBUTION, ETC. (IMPRINT)
Place of publication, distribution, etc New Delhi
Name of publisher, distributor, etc Kanishka Publishers, Distributors
Date of publication, distribution, etc 2001
300 ## - PHYSICAL DESCRIPTION
Extent xiv, 136p.
Dimensions 18 cms.
942 ## - ADDED ENTRY ELEMENTS (KOHA)
Source of classification or shelving scheme Dewey Decimal Classification
Item type English Books
Classification part 155.2
Call number suffix SHA
Holdings
Withdrawn status Lost status Not for loan Collection code Home library Current library Date acquired Cost, normal purchase price Full call number Barcode Cost, replacement price Koha item type Source of acquisition
      Non-fiction Sarojini Nagar Sarojini Nagar 10/03/2012 300.00 155.2 SHA B-058654 300.00 English Books  
      Non-fiction Shahdara Branch Shahdara Branch 20/08/2018 300.00 155.2 SHA B-058656 300.00 English Books BPPD/PUB

© Delhi Public Library
Hit Counter
free hit counter